[Event "World Chess Olympiad 2018"]
[Site "Batumi"]
[Date "2018.10.03"]
[Round "9"]
[Board "2"]
[WhiteFideId "8500258"]
[White "Adu Oladapo"]
[BlackFideId "5300380"]
[Black "El Jawich Amro"]
[Result "1-0"]
[LiveChessVersion "1.4.8"]
[BlackElo "2276"]
[WhiteElo "2299"]

1. c4 {[%clk 1:28:54]} g6 {[%clk 1:30:36]} 2. g3 {[%clk 1:29:06]} Bg7
{[%clk 1:30:50]} 3. Bg2 {[%clk 1:29:27]} e5 {[%clk 1:30:55]} 4. Nc3
{[%clk 1:29:15]} Nc6 {[%clk 1:31:08]} 5. d3 {[%clk 1:28:33]} d6 {[%clk 1:31:21]}
6. h4 {[%clk 1:28:13]} h5 {[%clk 1:27:51]} 7. Nd5 {[%clk 1:27:55]} Nce7
{[%clk 1:25:15]} 8. Bg5 {[%clk 1:26:56]} f6 {[%clk 1:23:01]} 9. Bd2
{[%clk 1:27:08]} c6 {[%clk 1:21:14]} 10. Nxe7 {[%clk 1:25:22]} Qxe7
{[%clk 1:19:42]} 11. e4 {[%clk 1:23:16]} Nh6 {[%clk 1:14:25]} 12. Qc2
{[%clk 1:18:12]} Be6 {[%clk 1:07:39]} 13. Ne2 {[%clk 1:17:08]} O-O 14. d4
{[%clk 1:04:51]} f5 {[%clk 0:47:51]} 15. d5 {[%clk 0:55:59]} Bd7 {[%clk 0:31:57]}
16. Bg5 {[%clk 0:55:47]} Qf7 {[%clk 0:28:14]} 17. Nc3 {[%clk 0:51:54]} c5
{[%clk 0:17:17]} 18. Bh3 {[%clk 0:39:09]} f4 {[%clk 0:14:32]} 19. Bxd7
{[%clk 0:37:30]} Qxd7 {[%clk 0:14:58]} 20. gxf4 {[%clk 0:37:25]} Nf7
{[%clk 0:03:31]} 21. f5 {[%clk 0:35:58]} gxf5 {[%clk 0:03:15]} 22. Rg1
{[%clk 0:34:02]} Nxg5 {[%clk 0:01:47]} 23. Rxg5 {[%clk 0:34:29]} f4
{[%clk 0:01:42]} 24. O-O-O {[%clk 0:34:14]} Kh7 {[%clk 0:01:20]} 25. Rdg1
{[%clk 0:29:30]} Bh6 {[%clk 0:01:39]} 26. Rxh5 {[%clk 0:29:41]} Rg8
{[%clk 0:01:26]} 27. Qd1 {[%clk 0:26:17]} Rxg1 {[%clk 0:00:35]} 28. Qxg1
{[%clk 0:26:45]} Qe7 {[%clk 0:00:32]} 29. Qg5 {[%clk 0:25:47]} Qg7
{[%clk 0:00:56]} 30. Nb5 {[%clk 0:25:55]} Rg8 {[%clk 0:00:33]} 31. Nxd6
{[%clk 0:26:02]} Qf8 {[%clk 0:00:32]} 32. Qf5+ {[%clk 0:25:54]} 1-0

[Event "World Chess Olympiad 2018"]
[Site "Batumi"]
[Date "2018.10.03"]
[Round "9"]
[Board "3"]
[WhiteFideId "5300398"]
[White "Tomb Maroun"]
[BlackFideId "8501246"]
[Black "Balogun Oluwafemi"]
[Result "0-1"]
[LiveChessVersion "1.4.8"]
[BlackElo "2275"]
[WhiteElo "2177"]

1. e4 {[%clk 1:30:57]} g6 {[%clk 1:30:01]} 2. Nc3 {[%clk 1:31:00]} d6
{[%clk 1:29:49]} 3. g3 {[%clk 1:31:04]} Bg7 {[%clk 1:29:54]} 4. Nge2
{[%clk 1:31:13]} e5 {[%clk 1:27:15]} 5. d4 {[%clk 1:30:24]} Nc6 {[%clk 1:27:23]}
6. d5 {[%clk 1:26:32]} Nce7 {[%clk 1:27:33]} 7. Bg2 {[%clk 1:26:35]} h5
{[%clk 1:27:16]} 8. h4 {[%clk 1:24:30]} Nf6 {[%clk 1:27:16]} 9. Qd3
{[%clk 1:23:17]} O-O {[%clk 1:25:13]} 10. O-O {[%clk 1:22:26]} c6
{[%clk 1:14:07]} 11. dxc6 {[%clk 1:22:28]} bxc6 {[%clk 1:14:28]} 12. Bg5
{[%clk 1:21:24]} Rb8 {[%clk 1:13:17]} 13. b3 {[%clk 1:20:12]} Qc7
{[%clk 1:12:14]} 14. Rad1 {[%clk 1:19:42]} Rd8 {[%clk 1:04:36]} 15. Na4
{[%clk 1:10:58]} d5 {[%clk 1:03:24]} 16. c4 Bg4 {[%clk 0:57:04]} 17. cxd5
{[%clk 1:09:59]} cxd5 {[%clk 0:57:07]} 18. Bxf6 {[%clk 1:07:53]} dxe4
{[%clk 0:41:05]} 19. Qc3 {[%clk 0:53:12]} Qxc3 {[%clk 0:40:07]} 20. Rxd8+
{[%clk 0:53:32]} Rxd8 {[%clk 0:40:24]} 21. Nexc3 {[%clk 0:53:56]} Bxf6
{[%clk 0:40:18]} 22. Nxe4 {[%clk 0:53:41]} Bg7 {[%clk 0:37:30]} 23. Nac5
{[%clk 0:36:37]} Rd4 {[%clk 0:30:29]} 24. f3 {[%clk 0:32:31]} Bf5
{[%clk 0:30:29]} 25. Rb1 {[%clk 0:25:42]} Nd5 {[%clk 0:29:43]} 26. Rb2
{[%clk 0:22:15]} Bh6 {[%clk 0:28:33]} 27. Kh2 {[%clk 0:19:39]} Be3
{[%clk 0:27:18]} 28. Re2 {[%clk 0:18:01]} Rd1 {[%clk 0:25:34]} 29. Nf2
{[%clk 0:15:21]} Ra1 {[%clk 0:23:32]} 30. Nce4 {[%clk 0:13:00]} Bd4
{[%clk 0:20:29]} 31. Bh3 {[%clk 0:11:47]} Kg7 {[%clk 0:20:05]} 32. Bxf5
{[%clk 0:11:15]} gxf5 {[%clk 0:20:31]} 33. Nd6 {[%clk 0:11:37]} Kg6
{[%clk 0:18:25]} 34. Nb5 {[%clk 0:10:56]} Be3 {[%clk 0:12:24]} 35. Nd3
{[%clk 0:06:45]} f6 {[%clk 0:12:25]} 36. a4 {[%clk 0:05:18]} Rd1 {[%clk 0:10:04]}
37. Nb2 {[%clk 0:05:21]} Rb1 {[%clk 0:10:07]} 38. Na3 {[%clk 0:05:23]} Rc1
{[%clk 0:07:48]} 39. Rc2 {[%clk 0:03:27]} Bg1+ {[%clk 0:04:25]} 40. Kh3
{[%clk 0:33:13]} Ra1 {[%clk 0:33:45]} 41. Nac4 {[%clk 0:30:08]} Bd4
{[%clk 0:32:38]} 42. Rd2 {[%clk 0:28:33]} f4 {[%clk 0:29:56]} 43. Rd1
{[%clk 0:27:49]} Ra2 {[%clk 0:29:34]} 44. Nd3 {[%clk 0:27:38]} fxg3
{[%clk 0:28:16]} 45. Kxg3 {[%clk 0:27:41]} Ne7 {[%clk 0:26:25]} 46. Nd6
{[%clk 0:27:21]} Ra3 {[%clk 0:21:35]} 47. Rb1 {[%clk 0:26:54]} Ra2
{[%clk 0:20:24]} 48. Rd1 {[%clk 0:27:22]} Re2 {[%clk 0:20:33]} 49. Kh3
{[%clk 0:26:02]} Re3 {[%clk 0:18:44]} 50. Kg2 {[%clk 0:14:21]} Nd5
{[%clk 0:18:47]} 51. Kg3 {[%clk 0:14:50]} f5 {[%clk 0:18:29]} 52. Nc4
{[%clk 0:15:03]} f4+ {[%clk 0:18:39]} 53. Kg2 {[%clk 0:15:22]} Kf6
{[%clk 0:14:31]} 54. Kh1 {[%clk 0:11:27]} Rxf3 {[%clk 0:13:41]} 55. Ndxe5
{[%clk 0:11:20]} Rh3+ {[%clk 0:11:58]} 56. Kg2 {[%clk 0:11:49]} Rg3+
{[%clk 0:12:19]} 57. Kh2 {[%clk 0:11:37]} Bxe5 {[%clk 0:10:30]} 58. Rxd5
{[%clk 0:12:05]} Bb8 {[%clk 0:10:01]} 59. Nd2 {[%clk 0:10:18]} f3
{[%clk 0:07:26]} 60. Ne4+ {[%clk 0:09:03]} Ke6 {[%clk 0:08:21]} 61. Rb5
{[%clk 0:06:14]} Rg8+ {[%clk 0:04:21]} 62. Kh1 {[%clk 0:06:14]} Bf4
{[%clk 0:04:48]} 63. Rxh5 {[%clk 0:04:05]} Be3 {[%clk 0:04:47]} 64. Ng5+
{[%clk 0:04:24]} Kf5 {[%clk 0:03:23]} 65. Rh7 {[%clk 0:01:20]} Bxg5
{[%clk 0:03:03]} 66. hxg5 {[%clk 0:01:40]} Rxg5 {[%clk 0:03:10]} 67. Rxa7
{[%clk 0:01:33]} Kf4 {[%clk 0:03:28]} 68. Rf7+ {[%clk 0:01:51]} Ke3
{[%clk 0:03:38]} 69. Kh2 {[%clk 0:01:59]} Kf2 {[%clk 0:03:28]} 70. Kh3
{[%clk 0:02:07]} Rg8 {[%clk 0:03:56]} 71. a5 {[%clk 0:01:16]} Ke2
{[%clk 0:03:33]} 72. Re7+ {[%clk 0:01:39]} Kf1 {[%clk 0:01:44]} 73. a6
{[%clk 0:01:00]} f2 {[%clk 0:02:09]} 74. b4 {[%clk 0:01:03]} Kg1 {[%clk 0:01:11]}
75. Rf7 {[%clk 0:01:32]} f1=Q+ {[%clk 0:00:55]} 76. Rxf1+ {[%clk 0:02:00]} Kxf1
{[%clk 0:01:18]} 77. b5 {[%clk 0:02:26]} Ra8 {[%clk 0:01:42]} 78. Kg3
{[%clk 0:02:08]} Ke2 {[%clk 0:02:09]} 79. Kf4 {[%clk 0:02:31]} Kd3
{[%clk 0:02:37]} 80. Ke5 {[%clk 0:02:55]} Kc4 {[%clk 0:03:03]} 0-1

[Event "World Chess Olympiad 2018"]
[Site "Batumi"]
[Date "2018.10.03"]
[Round "9"]
[Board "4"]
[WhiteFideId "8500290"]
[White "Olape Bunmi"]
[BlackFideId "5302803"]
[Black "Al Kaoury Mahdi"]
[Result "1/2-1/2"]
[LiveChessVersion "1.4.8"]
[BlackElo "2106"]
[WhiteElo "2252"]

1. e4 {[%clk 1:30:59]} e6 {[%clk 1:30:53]} 2. d4 {[%clk 1:31:23]} d5
{[%clk 1:31:20]} 3. Nd2 {[%clk 1:31:48]} c5 {[%clk 1:31:46]} 4. exd5
{[%clk 1:31:59]} Qxd5 {[%clk 1:32:11]} 5. Ngf3 {[%clk 1:32:21]} cxd4
{[%clk 1:32:37]} 6. Bc4 {[%clk 1:32:39]} Qd6 {[%clk 1:33:03]} 7. O-O
{[%clk 1:32:59]} Nf6 {[%clk 1:33:30]} 8. Nb3 {[%clk 1:33:21]} Nc6
{[%clk 1:33:57]} 9. Nbxd4 {[%clk 1:33:33]} Nxd4 {[%clk 1:34:22]} 10. Nxd4
{[%clk 1:33:55]} a6 {[%clk 1:34:48]} 11. c3 {[%clk 1:32:54]} Qc7 {[%clk 1:33:43]}
12. Qe2 {[%clk 1:32:27]} Be7 {[%clk 1:33:19]} 13. Bg5 {[%clk 1:31:46]} O-O
{[%clk 1:31:36]} 14. Rfe1 {[%clk 1:31:53]} Nd5 {[%clk 1:31:04]} 15. Bxe7
{[%clk 1:31:35]} Nxe7 {[%clk 1:31:32]} 16. Rad1 {[%clk 1:31:48]} Ng6
{[%clk 1:29:00]} 17. Bb3 {[%clk 1:31:37]} Bd7 {[%clk 1:24:49]} 18. Bc2
{[%clk 1:31:15]} Bc6 {[%clk 1:23:49]} 19. Qh5 {[%clk 1:30:05]} Rad8
{[%clk 1:20:48]} 20. Bxg6 {[%clk 1:25:17]} hxg6 {[%clk 1:21:10]} 21. Qe5
{[%clk 1:25:10]} Qxe5 {[%clk 1:20:19]} 22. Rxe5 {[%clk 1:25:37]} Rd6
{[%clk 1:20:40]} 23. f3 {[%clk 1:25:08]} Rfd8 {[%clk 1:21:03]} 24. Rde1
{[%clk 1:25:24]} Bd5 {[%clk 1:20:39]} 25. a3 {[%clk 1:23:47]} f6 {[%clk 1:20:37]}
26. R5e3 {[%clk 1:23:35]} e5 {[%clk 1:21:00]} 27. Nc2 {[%clk 1:20:56]} Bc4
{[%clk 1:20:32]} 28. Rc1 {[%clk 1:14:05]} Rd2 {[%clk 1:17:41]} 29. b4
{[%clk 1:14:10]} b5 {[%clk 1:15:34]} 30. h4 {[%clk 1:13:39]} Bb3 {[%clk 1:15:22]}
31. Ne1 {[%clk 1:13:00]} Ra2 {[%clk 1:14:19]} 32. Rd3 Rxd3 {[%clk 1:14:17]} 33.
Nxd3 {[%clk 1:13:38]} Rxa3 {[%clk 1:14:13]} 34. Nc5 {[%clk 1:13:46]} Kf7
{[%clk 1:13:12]} 35. Kf2 {[%clk 1:12:37]} Ke7 {[%clk 1:12:55]} 36. g4
{[%clk 1:11:49]} Bd5 {[%clk 1:12:56]} 37. Rd1 {[%clk 1:11:35]} Bc6
{[%clk 1:13:21]} 38. Rd3 {[%clk 1:11:47]} a5 {[%clk 1:13:16]} 39. bxa5
{[%clk 1:11:57]} Rxa5 {[%clk 1:13:44]} 40. Kg3 {[%clk 1:41:11]} Ra2
{[%clk 1:42:38]} 41. Kh3 {[%clk 1:39:35]} Re2 {[%clk 1:41:28]} 42. Na6
{[%clk 1:35:05]} e4 {[%clk 1:37:56]} 43. fxe4 {[%clk 1:35:20]} Bxe4
{[%clk 1:38:25]} 44. Rd4 {[%clk 1:34:16]} f5 {[%clk 1:38:00]} 45. Nc5
{[%clk 1:32:47]} Re3+ {[%clk 1:37:24]} 46. Kh2 {[%clk 1:33:07]} Bc6
{[%clk 1:35:29]} 47. gxf5 {[%clk 1:32:42]} Rxc3 {[%clk 1:35:26]} 48. Ne6
{[%clk 1:32:33]} Rc2+ {[%clk 1:33:35]} 49. Kh3 {[%clk 1:32:27]} gxf5
{[%clk 1:33:30]} 50. Nxg7 {[%clk 1:32:02]} Kf6 {[%clk 1:33:46]} 51. Nh5+
{[%clk 1:31:41]} Ke5 {[%clk 1:33:56]} 52. Rb4 {[%clk 1:29:59]} Rc3+
{[%clk 1:33:11]} 53. Kh2 {[%clk 1:30:03]} Rc4 {[%clk 1:32:48]} 54. Rxc4
{[%clk 1:29:22]} bxc4 {[%clk 1:33:16]} 55. Ng3 {[%clk 1:29:30]} Bf3
{[%clk 1:33:35]} 56. h5 {[%clk 1:29:13]} Bxh5 {[%clk 1:33:21]} 57. Nxh5
{[%clk 1:29:09]} f4 {[%clk 1:33:46]} 58. Kg2 {[%clk 1:29:23]} c3 {[%clk 1:34:10]}
59. Kf3 {[%clk 1:29:31]} c2 {[%clk 1:34:21]} 60. Nxf4 {[%clk 1:29:46]} 1/2-1/2

[Event "World Chess Olympiad 2018"]
[Site "Batumi"]
[Date "2018.10.03"]
[Round "9"]
[Board "1"]
[WhiteFideId "11502398"]
[White "Wazwaz Amjad"]
[BlackFideId "22600078"]
[Black "Barcon Harmon"]
[Result "0-1"]
[LiveChessVersion "1.4.8"]
[BlackElo "1896"]
[WhiteElo "1986"]

1. d4 {[%clk 1:28:49]} d5 {[%clk 1:30:57]} 2. c4 {[%clk 1:29:13]} e6
{[%clk 1:31:21]} 3. Nf3 {[%clk 1:29:27]} Nf6 {[%clk 1:31:49]} 4. g3
{[%clk 1:29:47]} Be7 {[%clk 1:31:56]} 5. Bg2 {[%clk 1:30:10]} c6 {[%clk 1:32:01]}
6. O-O {[%clk 1:30:29]} O-O {[%clk 1:32:02]} 7. Nc3 {[%clk 1:30:24]} a5
{[%clk 1:31:52]} 8. Re1 {[%clk 1:28:32]} Nbd7 {[%clk 1:31:12]} 9. cxd5
{[%clk 1:26:45]} cxd5 {[%clk 1:30:25]} 10. e4 {[%clk 1:23:44]} dxe4
{[%clk 1:30:23]} 11. Ng5 {[%clk 1:24:01]} Nd5 {[%clk 1:29:11]} 12. Ncxe4
{[%clk 1:23:52]} h6 {[%clk 1:27:33]} 13. Nh3 {[%clk 1:21:25]} N7f6
{[%clk 1:26:15]} 14. Bd2 {[%clk 1:20:07]} Bd7 {[%clk 1:26:20]} 15. Rc1
{[%clk 1:20:19]} Bc6 {[%clk 1:26:36]} 16. Nc5 {[%clk 1:17:56]} Rc8
{[%clk 1:24:24]} 17. a3 {[%clk 1:16:24]} Re8 {[%clk 1:24:15]} 18. Nd3
{[%clk 1:13:55]} Qb6 {[%clk 1:22:21]} 19. Qe2 {[%clk 1:07:20]} Qxd4
{[%clk 1:11:18]} 20. Bxa5 {[%clk 1:05:36]} Bb5 {[%clk 1:10:56]} 21. Rcd1 Qa4
{[%clk 1:09:00]} 22. Bc3 {[%clk 1:00:02]} Rxc3 {[%clk 1:08:18]} 23. bxc3
{[%clk 0:57:41]} Nxc3 {[%clk 1:08:00]} 24. Qd2 {[%clk 0:57:35]} Nxd1
{[%clk 1:07:52]} 25. Qxd1 {[%clk 0:54:17]} Qxa3 {[%clk 1:06:48]} 26. Ne5
{[%clk 0:53:54]} Ba6 {[%clk 1:04:47]} 27. Nf4 {[%clk 0:53:42]} Qb2
{[%clk 1:02:06]} 28. Nh5 {[%clk 0:48:49]} Rd8 {[%clk 1:00:46]} 29. Qf3
{[%clk 0:32:46]} Rd5 {[%clk 0:58:07]} 30. Nxf6+ {[%clk 0:31:03]} Bxf6
{[%clk 0:56:21]} 31. Ng4 {[%clk 0:27:24]} Bc3 {[%clk 0:56:19]} 32. Qe3
{[%clk 0:15:56]} Bxe1 {[%clk 0:49:25]} 33. Bxd5 {[%clk 0:15:15]} Qa1
{[%clk 0:49:32]} 34. Kg2 {[%clk 0:13:32]} Bf1+ {[%clk 0:47:49]} 35. Kg1
{[%clk 0:13:39]} Bd2 {[%clk 0:47:05]} 36. Qe5 {[%clk 0:13:16]} Qb1
{[%clk 0:38:47]} 37. Ba2 {[%clk 0:07:50]} Qc1 {[%clk 0:36:38]} 38. Nxh6+
{[%clk 0:06:33]} Bxh6 {[%clk 0:32:52]} 39. h4 {[%clk 0:06:52]} Bc4+
{[%clk 0:31:59]} 40. Kh2 {[%clk 0:37:13]} Bxa2 {[%clk 1:01:53]} 0-1

[Event "World Chess Olympiad 2018"]
[Site "Batumi"]
[Date "2018.10.03"]
[Round "9"]
[Board "2"]
[WhiteFideId "22600124"]
[White "Jacob Jallah"]
[BlackFideId "11504951"]
[Black "Toom Omar"]
[Result "1-0"]
[LiveChessVersion "1.4.8"]
[BlackElo "1905"]
[WhiteElo "1835"]

1. c4 {[%clk 1:30:24]} c5 {[%clk 1:30:29]} 2. Nc3 {[%clk 1:30:47]} Nc6
{[%clk 1:30:37]} 3. g3 {[%clk 1:31:08]} g6 {[%clk 1:30:33]} 4. Bg2
{[%clk 1:31:22]} Bg7 {[%clk 1:30:41]} 5. Nf3 {[%clk 1:31:40]} e6 6. O-O
{[%clk 1:31:36]} Nge7 {[%clk 1:30:51]} 7. d3 {[%clk 1:30:56]} O-O
{[%clk 1:30:30]} 8. Be3 {[%clk 1:31:08]} d6 {[%clk 1:26:14]} 9. Rb1
{[%clk 1:31:15]} Nf5 {[%clk 1:24:14]} 10. Bg5 {[%clk 1:30:54]} Qd7
{[%clk 1:22:47]} 11. Bd2 {[%clk 1:30:49]} Rb8 {[%clk 1:19:54]} 12. a3
{[%clk 1:29:19]} a5 {[%clk 1:18:33]} 13. Nb5 {[%clk 1:27:27]} d5 {[%clk 1:11:19]}
14. cxd5 {[%clk 1:24:51]} exd5 {[%clk 1:07:25]} 15. Bf4 {[%clk 1:24:51]} Ra8
{[%clk 1:07:12]} 16. a4 b6 {[%clk 0:53:10]} 17. Nd2 {[%clk 1:16:09]} Nfe7
{[%clk 0:49:21]} 18. e4 {[%clk 1:15:28]} Ba6 {[%clk 0:46:03]} 19. exd5
{[%clk 1:12:38]} Bxb5 {[%clk 0:41:29]} 20. axb5 {[%clk 1:12:49]} Nb4
{[%clk 0:41:31]} 21. d6 {[%clk 1:09:58]} Ned5 {[%clk 0:41:51]} 22. Nc4
{[%clk 1:05:41]} Ra7 {[%clk 0:40:11]} 23. Ne5 {[%clk 0:53:49]} Qxb5
{[%clk 0:39:08]} 24. Be4 {[%clk 0:42:38]} f5 {[%clk 0:26:16]} 25. Bf3
{[%clk 0:41:13]} a4 {[%clk 0:24:45]} 26. d4 {[%clk 0:38:47]} Nxf4
{[%clk 0:12:27]} 27. gxf4 {[%clk 0:39:08]} Bf6 {[%clk 0:09:47]} 28. Rc1
{[%clk 0:35:30]} Rd8 {[%clk 0:05:15]} 29. dxc5 {[%clk 0:34:08]} bxc5
{[%clk 0:05:33]} 30. Bc6 {[%clk 0:23:51]} Qa5 {[%clk 0:03:45]} 31. Ra1
{[%clk 0:23:07]} Qb6 {[%clk 0:03:35]} 32. Bxa4 {[%clk 0:23:11]} Rxd6
{[%clk 0:03:43]} 33. Qb3+ {[%clk 0:23:16]} Kg7 {[%clk 0:02:27]} 34. Nc4
{[%clk 0:23:25]} Qc7 {[%clk 0:02:39]} 35. Nxd6 {[%clk 0:23:27]} Qxd6
{[%clk 0:03:08]} 36. Bb5 {[%clk 0:18:55]} Rb7 {[%clk 0:03:19]} 37. Ra8
{[%clk 0:15:20]} Qxf4 {[%clk 0:02:30]} 38. Bc6 {[%clk 0:12:39]} Nxc6
{[%clk 0:02:09]} 39. Qxb7+ {[%clk 0:12:49]} Ne7 {[%clk 0:02:29]} 40. Re1
{[%clk 0:41:51]} Kh6 {[%clk 0:32:08]} 41. Ra3 {[%clk 0:40:34]} Bh4
{[%clk 0:30:05]} 42. Qg2 {[%clk 0:38:04]} Nd5 {[%clk 0:29:45]} 43. Rh3
{[%clk 0:35:47]} Nf6 {[%clk 0:29:40]} 44. Qf3 {[%clk 0:35:06]} Qb4
{[%clk 0:29:20]} 45. Qc3 {[%clk 0:32:09]} Qg4+ {[%clk 0:29:26]} 46. Qg3
{[%clk 0:32:17]} 1-0

[Event "World Chess Olympiad 2018"]
[Site "Batumi"]
[Date "2018.10.03"]
[Round "9"]
[Board "3"]
[WhiteFideId "11501731"]
[White "Allam Mohamed"]
[BlackFideId "22600094"]
[Black "Thomas Saah"]
[Result "1-0"]
[LiveChessVersion "1.4.8"]
[BlackElo "1791"]
[WhiteElo "1948"]

1. e4 {[%clk 1:30:21]} c5 {[%clk 1:30:54]} 2. c3 {[%clk 1:30:03]} d6
{[%clk 1:30:19]} 3. Nf3 {[%clk 1:29:40]} Nf6 {[%clk 1:29:15]} 4. Be2
{[%clk 1:29:44]} g6 {[%clk 1:29:18]} 5. O-O {[%clk 1:27:33]} Bg7 {[%clk 1:29:35]}
6. d3 {[%clk 1:26:56]} O-O {[%clk 1:29:36]} 7. Re1 {[%clk 1:24:50]} Nc6
{[%clk 1:29:09]} 8. Nbd2 {[%clk 1:23:59]} e5 {[%clk 1:28:53]} 9. Nc4
{[%clk 1:16:27]} b5 {[%clk 1:28:25]} 10. Ne3 {[%clk 1:16:02]} Qb6
{[%clk 1:28:11]} 11. Bd2 {[%clk 1:13:41]} Bb7 {[%clk 1:25:25]} 12. a4
{[%clk 1:11:40]} a6 {[%clk 1:24:57]} 13. Qc2 {[%clk 1:11:28]} Rac8
{[%clk 1:22:58]} 14. Bf1 {[%clk 1:07:17]} Qc7 {[%clk 1:17:00]} 15. axb5
{[%clk 1:01:09]} axb5 {[%clk 1:17:18]} 16. Qb3 {[%clk 1:01:24]} Rb8
{[%clk 1:16:02]} 17. Qxb5 {[%clk 1:00:50]} Bc8 {[%clk 1:16:19]} 18. Qa4
{[%clk 1:01:00]} Rxb2 {[%clk 1:16:34]} 19. Nc4 {[%clk 1:01:17]} Rb8
{[%clk 1:16:28]} 20. Reb1 {[%clk 0:59:21]} Bd7 21. Qc2 {[%clk 0:57:51]} h6
{[%clk 1:13:42]} 22. Be2 {[%clk 0:54:55]} Nh7 {[%clk 1:13:08]} 23. Qc1
{[%clk 0:52:52]} g5 {[%clk 1:13:23]} 24. Ne3 {[%clk 0:52:54]} Ne7
{[%clk 1:11:20]} 25. Bd1 {[%clk 0:48:40]} f5 {[%clk 1:11:10]} 26. Bb3+
{[%clk 0:47:49]} Kh8 {[%clk 1:07:49]} 27. Nd5 {[%clk 0:46:52]} Qd8
{[%clk 1:05:12]} 28. Ra7 {[%clk 0:45:00]} fxe4 {[%clk 1:03:59]} 29. dxe4
{[%clk 0:43:30]} Nc6 {[%clk 0:59:34]} 30. Raa1 {[%clk 0:41:48]} Nf6
{[%clk 0:58:12]} 31. h4 {[%clk 0:33:02]} g4 {[%clk 0:54:45]} 32. Bxh6
{[%clk 0:29:41]} gxf3 {[%clk 0:55:01]} 33. Bxg7+ {[%clk 0:27:31]} Kxg7
{[%clk 0:55:20]} 34. Qg5+ {[%clk 0:27:44]} Kh8 {[%clk 0:55:31]} 35. g3
{[%clk 0:27:38]} Nh7 {[%clk 0:55:40]} 36. Qh6 {[%clk 0:26:49]} Be6
{[%clk 0:55:23]} 37. Qxe6 {[%clk 0:26:59]} Rb7 {[%clk 0:55:08]} 38. Ra6
{[%clk 0:25:51]} Rg7 {[%clk 0:55:21]} 39. Qh3 {[%clk 0:25:47]} Ne7
{[%clk 0:53:00]} 40. Ra7 {[%clk 0:55:05]} Nxd5 {[%clk 1:20:33]} 41. Rxg7
{[%clk 0:55:30]} Kxg7 {[%clk 1:20:46]} 42. Bxd5 {[%clk 0:55:44]} Nf6
{[%clk 1:18:17]} 43. Rb7+ {[%clk 0:55:06]} Kh8 {[%clk 1:18:03]} 44. Qf5
{[%clk 0:55:24]} Qe8 {[%clk 1:16:12]} 45. Qg5 {[%clk 0:55:24]} 1-0

[Event "World Chess Olympiad 2018"]
[Site "Batumi"]
[Date "2018.10.03"]
[Round "9"]
[Board "1"]
[WhiteFideId "16700066"]
[White "Abdul Rahman Ali"]
[BlackFideId "14800098"]
[Black "Paiva Donaldo"]
[Result "0-1"]
[LiveChessVersion "1.4.8"]
[BlackElo "2206"]
[WhiteElo "1850"]

1. d4 {[%clk 1:30:55]} Nf6 {[%clk 1:30:31]} 2. e3 {[%clk 1:30:46]} g6
{[%clk 1:30:50]} 3. Bd3 {[%clk 1:30:37]} Bg7 {[%clk 1:31:02]} 4. f4
{[%clk 1:30:47]} d5 {[%clk 1:31:18]} 5. Nd2 {[%clk 1:30:09]} O-O {[%clk 1:31:23]}
6. Ngf3 {[%clk 1:30:33]} b6 {[%clk 1:31:41]} 7. O-O {[%clk 1:30:52]} c5
{[%clk 1:31:47]} 8. c3 {[%clk 1:31:01]} Ba6 {[%clk 1:31:43]} 9. Qe2
{[%clk 1:30:57]} Bxd3 {[%clk 1:31:56]} 10. Qxd3 {[%clk 1:31:02]} e6
{[%clk 1:30:17]} 11. Ne5 {[%clk 1:31:04]} Nbd7 {[%clk 1:30:29]} 12. Qe2
{[%clk 1:30:32]} Rc8 {[%clk 1:29:40]} 13. a3 {[%clk 1:30:04]} Ne8
{[%clk 1:28:37]} 14. Qb5 {[%clk 1:29:51]} Ndf6 {[%clk 1:28:47]} 15. Qe2
{[%clk 1:29:36]} Nd6 {[%clk 1:29:05]} 16. Qd3 {[%clk 1:25:29]} Nfe4
{[%clk 1:29:07]} 17. Ndf3 {[%clk 1:24:37]} f6 {[%clk 1:23:07]} 18. Ng4
{[%clk 1:24:38]} Qd7 {[%clk 1:23:28]} 19. Nf2 {[%clk 1:24:44]} Rc7
{[%clk 1:21:17]} 20. Bd2 {[%clk 1:24:59]} Rfc8 {[%clk 1:20:47]} 21. Be1
{[%clk 1:22:43]} Qa4 {[%clk 1:20:12]} 22. Rb1 {[%clk 1:21:15]} a5
{[%clk 1:17:42]} 23. Qe2 {[%clk 1:17:57]} Bh6 {[%clk 1:12:06]} 24. Ng4
{[%clk 1:15:39]} Bg7 {[%clk 1:10:22]} 25. Nf2 {[%clk 1:15:58]} Qb3
{[%clk 1:09:10]} 26. Qd3 {[%clk 1:15:25]} f5 {[%clk 1:07:52]} 27. Qe2
{[%clk 1:12:27]} Qa2 {[%clk 1:03:23]} 28. Qd3 {[%clk 1:09:34]} Nc4
{[%clk 1:02:15]} 29. Nd1 {[%clk 1:06:06]} Nxa3 {[%clk 1:00:27]} 30. Rc1
{[%clk 1:02:50]} Nc4 {[%clk 1:00:33]} 31. Qc2 {[%clk 1:01:25]} a4
{[%clk 0:57:40]} 32. Nd2 {[%clk 0:59:18]} Ncxd2 {[%clk 0:57:02]} 33. Bxd2
{[%clk 0:59:34]} cxd4 {[%clk 0:57:19]} 34. exd4 {[%clk 0:58:55]} Bxd4+
{[%clk 0:57:40]} 35. Be3 {[%clk 0:58:52]} Qc4 {[%clk 0:57:11]} 36. Ra1
{[%clk 0:57:43]} b5 {[%clk 0:57:00]} 37. g3 {[%clk 0:54:24]} Bg7 {[%clk 0:56:56]}
38. Qg2 {[%clk 0:54:36]} d4 {[%clk 0:56:57]} 39. cxd4 {[%clk 0:54:06]} Bxd4
{[%clk 0:57:19]} 40. Re1 {[%clk 1:23:08]} Qb4 {[%clk 1:26:34]} 41. Re2
{[%clk 1:22:04]} Rc1 {[%clk 1:26:41]} 42. Rxc1 {[%clk 1:19:47]} Rxc1
{[%clk 1:26:13]} 43. Qf1 {[%clk 1:19:18]} Bxe3+ {[%clk 1:26:35]} 44. Kg2
{[%clk 1:18:55]} Qd4 {[%clk 1:26:12]} 45. Re1 {[%clk 1:18:20]} Rc2+
{[%clk 1:24:31]} 46. Re2 {[%clk 1:17:58]} Rxe2+ {[%clk 1:23:51]} 47. Qxe2
{[%clk 1:18:13]} Qd2 {[%clk 1:23:44]} 48. Kf3 {[%clk 1:18:24]} Qxe2+
{[%clk 1:23:50]} 49. Kxe2 Bg1 50. Kf3 {[%clk 1:17:36]} b4 {[%clk 1:24:14]} 51. h3
{[%clk 1:17:09]} a3 {[%clk 1:24:39]} 52. bxa3 bxa3 0-1